000 00384nam a22001697a 4500
003 koha_MIRAKIL
005 20231213095555.0
008 231213b |||||||| |||| 00| 0 ||| d
040 _aTR-IsEVY
_btur
_cTR-IsEVY
082 _a800 PUZ/O
100 _aPUZO, MARIO.
245 0 _aOĞLUMUZ.
260 _bMilliyet,
_c1971
300 _a378.
650 _aEdebiyat.
942 _2ddc
_cBK
999 _c5895
_d5895